[Event "DVM U20 2021"]
[Site "Kiel GER"]
[Date "2022.07.25"]
[Round "5"]
[White "Kürschner, Liam"]
[Black "Reimer, Philip"]
[Result "0-1"]
[Termination "normal"]
[Board "4.4"]
[WhiteElo "1891"]
[BlackElo "2001"]
[WhiteClock "00:11:54"]
[BlackClock "00:13:20"]
[WhiteTeam "SK Langen"]
[BlackTeam "SK Lehrte von 1919 e. V."]
[PlyCount "64"]
[WhiteFideId "34609962"]
[BlackFideId "16235860"]
[EventCountry "GER"]
[EventRounds "7"]
[EventType "team-swiss"]
[EventDate "2022.07.22"]

1. c4 {[%clk 01:30:56]} {[%emt 00:00:03]} e5 {[%clk 01:30:52]} {[%emt
00:00:09]} 2. g3 {[%clk 01:31:22]} {[%emt 00:00:05]} c6 {[%clk 01:31:18]}
{[%emt 00:00:04]} 3. d4 {[%clk 01:31:43]} {[%emt 00:00:09]} e4 {[%clk
01:31:41]} {[%emt 00:00:07]} 4. Bg2 {[%clk 01:31:38]} {[%emt 00:00:35]} d5
{[%clk 01:32:05]} {[%emt 00:00:05]} 5. cxd5 {[%clk 01:32:04]} {[%emt 00:00:05]}
cxd5 {[%clk 01:32:29]} {[%emt 00:00:05]} 6. a3 {[%clk 01:32:25]} {[%emt
00:00:08]} Nc6 {[%clk 01:32:10]} {[%emt 00:00:50]} 7. Nc3 {[%clk 01:32:35]}
{[%emt 00:00:21]} h6 {[%clk 01:32:21]} {[%emt 00:00:18]} 8. e3 {[%clk
01:32:22]} {[%emt 00:00:43]} Nf6 {[%clk 01:32:23]} {[%emt 00:00:28]} 9. Nge2
{[%clk 01:32:14]} {[%emt 00:00:38]} Bg4 {[%clk 01:29:16]} {[%emt 00:03:36]} 10.
b4 {[%clk 01:30:10]} {[%emt 00:02:34]} Bd6 {[%clk 01:29:01]} {[%emt 00:00:46]}
11. Qb3 {[%clk 01:29:20]} {[%emt 00:01:20]} O-O {[%clk 01:28:46]} {[%emt
00:00:45]} 12. O-O {[%clk 01:29:28]} {[%emt 00:00:22]} a5 {[%clk 01:27:35]}
{[%emt 00:01:41]} 13. b5 {[%clk 01:20:04]} {[%emt 00:09:54]} Ne7 {[%clk
01:27:31]} {[%emt 00:00:34]} 14. a4 {[%clk 01:18:39]} {[%emt 00:01:55]} Bf3
{[%clk 01:00:00]} {[%emt 00:28:01]} 15. Ba3 {[%clk 01:16:15]} {[%emt 00:02:54]}
Bxa3 {[%clk 01:00:10]} {[%emt 00:00:20]} 16. Rxa3 {[%clk 01:14:47]} {[%emt
00:01:58]} Ng6 {[%clk 00:59:15]} {[%emt 00:01:25]} 17. Kh1 {[%clk 01:10:29]}
{[%emt 00:04:49]} Qd7 {[%clk 00:58:43]} {[%emt 00:01:01]} 18. Ng1 {[%clk
01:09:37]} {[%emt 00:01:22]} Nh4 {[%clk 00:33:36]} {[%emt 00:25:38]} 19. gxh4
{[%clk 00:57:05]} {[%emt 00:13:01]} Qg4 {[%clk 00:33:24]} {[%emt 00:00:43]} 20.
Nxf3 {[%clk 00:56:26]} {[%emt 00:01:08]} exf3 {[%clk 00:33:46]} {[%emt
00:00:08]} 21. Rg1 {[%clk 00:56:18]} {[%emt 00:00:37]} fxg2+ {[%clk 00:33:36]}
{[%emt 00:00:41]} 22. Rxg2 {[%clk 00:55:53]} {[%emt 00:00:55]} Qf5 {[%clk
00:26:55]} {[%emt 00:07:11]} 23. Ra2 {[%clk 00:38:25]} {[%emt 00:17:57]} Rac8
{[%clk 00:26:56]} {[%emt 00:00:29]} 24. Ne2 {[%clk 00:37:31]} {[%emt 00:01:25]}
Ne4 {[%clk 00:23:04]} {[%emt 00:04:22]} 25. Kg1 {[%clk 00:36:27]} {[%emt
00:01:34]} Rc4 {[%clk 00:22:26]} {[%emt 00:01:08]} 26. f4 {[%clk 00:29:52]}
{[%emt 00:07:04]} Rfc8 {[%clk 00:20:56]} {[%emt 00:02:01]} 27. Qa3 {[%clk
00:21:34]} {[%emt 00:08:47]} Nc3 {[%clk 00:12:33]} {[%emt 00:08:53]} 28. Nxc3
{[%clk 00:13:54]} {[%emt 00:08:11]} Rxc3 {[%clk 00:12:59]} {[%emt 00:00:03]}
29. Qe7 {[%clk 00:14:12]} {[%emt 00:00:11]} Qb1+ {[%clk 00:13:03]} {[%emt
00:00:27]} 30. Kf2 {[%clk 00:14:06]} {[%emt 00:00:37]} Qxa2+ {[%clk 00:13:25]}
{[%emt 00:00:07]} 31. Kf3 {[%clk 00:14:09]} {[%emt 00:00:28]} Qb1 {[%clk
00:13:13]} {[%emt 00:00:41]} 32. Kg4 {[%clk 00:11:54]} {[%emt 00:02:44]} Qe4
{[%clk 00:13:20]} {[%emt 00:00:25]} 0-1

[Event "DVM U20 2021"]
[Site "Kiel GER"]
[Date "2022.07.25"]
[Round "5"]
[White "Weigand, Anton"]
[Black "Koholka, Jan"]
[Result "1-0"]
[Termination "normal"]
[Board "4.5"]
[WhiteElo "1919"]
[BlackElo "1602"]
[WhiteClock "00:08:19"]
[BlackClock "00:03:57"]
[WhiteTeam "SK Lehrte von 1919 e. V."]
[BlackTeam "SK Langen"]
[PlyCount "87"]
[WhiteFideId "16221915"]
[BlackFideId "34611584"]
[EventCountry "GER"]
[EventRounds "7"]
[EventType "team-swiss"]
[EventDate "2022.07.22"]

1. e4 {[%clk 01:30:55]} {[%emt 00:00:03]} e5 {[%clk 01:30:45]} {[%emt
00:00:16]} 2. Bc4 {[%clk 01:31:20]} {[%emt 00:00:04]} Nc6 {[%clk 01:30:11]}
{[%emt 00:01:05]} 3. Nf3 {[%clk 01:31:44]} {[%emt 00:00:06]} Bc5 {[%clk
01:29:20]} {[%emt 00:01:22]} 4. d3 {[%clk 01:30:04]} {[%emt 00:02:09]} Nf6
{[%clk 01:26:34]} {[%emt 00:03:16]} 5. Nc3 {[%clk 01:30:22]} {[%emt 00:00:11]}
h6 {[%clk 01:24:50]} {[%emt 00:02:14]} 6. h3 {[%clk 01:30:45]} {[%emt
00:00:07]} d6 {[%clk 01:23:27]} {[%emt 00:01:55]} 7. Na4 {[%clk 01:31:01]}
{[%emt 00:00:14]} Qe7 {[%clk 01:17:25]} {[%emt 00:06:32]} 8. Nxc5 {[%clk
01:30:44]} {[%emt 00:00:46]} dxc5 {[%clk 01:17:27]} {[%emt 00:00:28]} 9. c3
{[%clk 01:29:06]} {[%emt 00:02:07]} a6 {[%clk 01:14:31]} {[%emt 00:03:27]} 10.
a4 {[%clk 01:28:02]} {[%emt 00:01:33]} Be6 {[%clk 01:12:58]} {[%emt 00:02:04]}
11. Bxe6 {[%clk 01:22:12]} {[%emt 00:06:21]} Qxe6 {[%clk 01:12:32]} {[%emt
00:00:55]} 12. Be3 {[%clk 01:22:07]} {[%emt 00:00:33]} b6 {[%clk 01:10:26]}
{[%emt 00:02:38]} 13. Nd2 {[%clk 01:21:40]} {[%emt 00:00:57]} Rd8 {[%clk
01:06:31]} {[%emt 00:04:26]} 14. Qc2 {[%clk 01:21:11]} {[%emt 00:00:58]} Qd7
{[%clk 01:02:53]} {[%emt 00:04:08]} 15. Ke2 {[%clk 01:21:16]} {[%emt 00:00:23]}
O-O {[%clk 00:58:57]} {[%emt 00:04:28]} 16. g4 {[%clk 01:18:41]} {[%emt
00:03:04]} Nh7 {[%clk 00:53:11]} {[%emt 00:06:17]} 17. Rag1 {[%clk 01:17:12]}
{[%emt 00:01:58]} Qe6 {[%clk 00:50:24]} {[%emt 00:03:18]} 18. Rg3 {[%clk
01:07:01]} {[%emt 00:10:38]} Rd7 {[%clk 00:38:02]} {[%emt 00:12:55]} 19. Nc4
{[%clk 00:50:27]} {[%emt 00:17:03]} Rfd8 {[%clk 00:29:18]} {[%emt 00:09:14]}
20. Bc1 {[%clk 00:50:31]} {[%emt 00:00:25]} g5 {[%clk 00:17:03]} {[%emt
00:12:46]} 21. Rd1 {[%clk 00:33:26]} {[%emt 00:17:28]} Ne7 {[%clk 00:14:43]}
{[%emt 00:02:57]} 22. Ne3 {[%clk 00:30:02]} {[%emt 00:03:55]} Ng6 {[%clk
00:13:57]} {[%emt 00:01:16]} 23. Nf5 {[%clk 00:29:28]} {[%emt 00:01:04]} Nh4
{[%clk 00:13:03]} {[%emt 00:01:24]} 24. c4 {[%clk 00:19:50]} {[%emt 00:10:08]}
Nxf5 {[%clk 00:12:10]} {[%emt 00:01:23]} 25. gxf5 {[%clk 00:19:38]} {[%emt
00:00:42]} Qe7 {[%clk 00:12:12]} {[%emt 00:00:27]} 26. f4 {[%clk 00:18:42]}
{[%emt 00:01:22]} exf4 {[%clk 00:12:23]} {[%emt 00:00:25]} 27. Bxf4 {[%clk
00:18:58]} {[%emt 00:00:12]} f6 {[%clk 00:11:43]} {[%emt 00:01:11]} 28. Bd2
{[%clk 00:18:26]} {[%emt 00:01:01]} Rxd3 {[%clk 00:08:43]} {[%emt 00:03:31]}
29. Rxd3 {[%clk 00:15:49]} {[%emt 00:03:06]} Qxe4+ {[%clk 00:09:05]} {[%emt
00:00:09]} 30. Be3 {[%clk 00:16:15]} {[%emt 00:00:03]} Qg2+ {[%clk 00:09:22]}
{[%emt 00:00:15]} 31. Bf2 {[%clk 00:16:16]} {[%emt 00:00:17]} Qe4+ {[%clk
00:09:43]} {[%emt 00:00:20]} 32. Kf1 {[%clk 00:16:16]} {[%emt 00:00:28]} Re8
{[%clk 00:07:04]} {[%emt 00:03:10]} 33. Rc3 {[%clk 00:13:27]} {[%emt 00:03:16]}
Qc6 {[%clk 00:05:22]} {[%emt 00:02:16]} 34. Kg1 {[%clk 00:13:05]} {[%emt
00:00:50]} g4 {[%clk 00:05:32]} {[%emt 00:00:22]} 35. h4 {[%clk 00:13:03]}
{[%emt 00:00:31]} Kh8 {[%clk 00:03:46]} {[%emt 00:02:17]} 36. Qd3 {[%clk
00:12:36]} {[%emt 00:00:50]} g3 {[%clk 00:03:05]} {[%emt 00:01:18]} 37. Bxg3
{[%clk 00:12:28]} {[%emt 00:00:36]} Rg8 {[%clk 00:03:02]} {[%emt 00:00:35]} 38.
Kh2 {[%clk 00:12:01]} {[%emt 00:00:53]} Rg7 {[%clk 00:03:13]} {[%emt 00:00:23]}
39. Qf3 {[%clk 00:11:55]} {[%emt 00:00:31]} Qe8 {[%clk 00:03:21]} {[%emt
00:00:27]} 40. Re3 {[%clk 00:11:15]} {[%emt 00:01:08]} Qg8 {[%clk 00:03:32]}
{[%emt 00:00:21]} 41. Qd5 {[%clk 00:11:15]} {[%emt 00:00:27]} Rf7 {[%clk
00:03:37]} {[%emt 00:00:28]} 42. Rde1 {[%clk 00:10:39]} {[%emt 00:01:04]} Qg7
{[%clk 00:03:37]} {[%emt 00:00:32]} 43. Qd8+ {[%clk 00:08:05]} {[%emt
00:03:00]} Nf8 {[%clk 00:03:57]} {[%emt 00:00:14]} 44. Re7 {[%clk 00:08:19]}
{[%emt 00:00:16]} 1-0

[Event "DVM U20 2021"]
[Site "Kiel GER"]
[Date "2022.07.25"]
[Round "5"]
[White "Riegel, Simon"]
[Black "Kieselbach, Jannik"]
[Result "1/2-1/2"]
[Termination "normal"]
[Board "4.6"]
[WhiteElo "1285"]
[BlackElo "1632"]
[WhiteClock "00:12:17"]
[BlackClock "00:32:19"]
[WhiteTeam "SK Langen"]
[BlackTeam "SK Lehrte von 1919 e. V."]
[PlyCount "117"]
[WhiteFideId "34628410"]
[BlackFideId "16246403"]
[EventCountry "GER"]
[EventRounds "7"]
[EventType "team-swiss"]
[EventDate "2022.07.22"]

1. d4 {[%clk 01:30:59]} {[%emt 12:22:37]} Nf6 {[%clk 01:30:52]} {[%emt
00:00:09]} 2. Nf3 {[%clk 01:30:53]} {[%emt 00:00:36]} e6 {[%clk 01:31:08]}
{[%emt 00:00:13]} 3. Bf4 {[%clk 01:29:52]} {[%emt 00:01:31]} c5 {[%clk
01:31:30]} {[%emt 00:00:08]} 4. e3 {[%clk 01:28:40]} {[%emt 00:01:42]} d5
{[%clk 01:31:41]} {[%emt 00:00:19]} 5. c3 {[%clk 01:28:10]} {[%emt 00:01:01]}
Nh5 {[%clk 01:28:04]} {[%emt 00:04:07]} 6. Bg3 {[%clk 01:28:29]} {[%emt
00:00:11]} Nxg3 {[%clk 01:28:22]} {[%emt 00:00:12]} 7. hxg3 {[%clk 01:28:43]}
{[%emt 00:00:16]} cxd4 {[%clk 01:28:04]} {[%emt 00:00:47]} 8. exd4 {[%clk
01:28:28]} {[%emt 00:00:44]} Nc6 {[%clk 01:27:36]} {[%emt 00:00:59]} 9. Bb5
{[%clk 01:24:30]} {[%emt 00:04:29]} a6 {[%clk 01:26:13]} {[%emt 00:01:52]} 10.
Ba4 {[%clk 01:24:49]} {[%emt 00:00:12]} Qb6 {[%clk 01:24:11]} {[%emt 00:02:30]}
11. Qb3 {[%clk 01:22:31]} {[%emt 00:02:49]} Qc7 {[%clk 01:24:06]} {[%emt
00:00:34]} 12. Ne5 {[%clk 01:17:53]} {[%emt 00:05:09]} b5 {[%clk 01:23:48]}
{[%emt 00:00:48]} 13. Bxb5 {[%clk 01:18:08]} {[%emt 00:00:16]} axb5 {[%clk
01:24:08]} {[%emt 00:00:10]} 14. Qxb5 {[%clk 01:18:27]} {[%emt 00:00:10]} Bd7
{[%clk 01:24:22]} {[%emt 00:00:15]} 15. Nxd7 {[%clk 01:18:10]} {[%emt
00:00:47]} Qxd7 {[%clk 01:24:34]} {[%emt 00:00:19]} 16. Qd3 {[%clk 01:16:08]}
{[%emt 00:02:33]} g6 {[%clk 01:23:43]} {[%emt 00:01:20]} 17. Nd2 {[%clk
01:14:44]} {[%emt 00:01:54]} Bd6 {[%clk 01:18:32]} {[%emt 00:05:41]} 18. b4
{[%clk 01:14:22]} {[%emt 00:00:52]} O-O {[%clk 01:17:12]} {[%emt 00:01:49]} 19.
a4 {[%clk 01:13:35]} {[%emt 00:01:18]} Rfc8 {[%clk 01:13:35]} {[%emt 00:04:07]}
20. O-O {[%clk 01:13:35]} {[%emt 00:00:31]} Bxb4 {[%clk 01:12:14]} {[%emt
00:01:50]} 21. cxb4 {[%clk 01:13:03]} {[%emt 00:01:02]} Nxb4 {[%clk 01:12:43]}
{[%emt 00:00:01]} 22. Qb5 {[%clk 01:08:01]} {[%emt 00:05:32]} Qxb5 {[%clk
01:10:46]} {[%emt 00:02:27]} 23. axb5 {[%clk 01:07:59]} {[%emt 00:00:31]} Nc2
{[%clk 01:09:15]} {[%emt 00:02:02]} 24. Rxa8 {[%clk 01:07:54]} {[%emt
00:00:36]} Rxa8 {[%clk 01:09:43]} {[%emt 00:00:01]} 25. Nf3 {[%clk 01:07:15]}
{[%emt 00:01:08]} Rb8 {[%clk 01:09:41]} {[%emt 00:00:32]} 26. Rc1 {[%clk
00:56:44]} {[%emt 00:10:59]} Na3 {[%clk 01:10:08]} {[%emt 00:00:05]} 27. Rc3
{[%clk 00:56:58]} {[%emt 00:00:17]} Nxb5 {[%clk 01:10:06]} {[%emt 00:00:32]}
28. Rb3 {[%clk 00:57:16]} {[%emt 00:00:12]} Rb7 {[%clk 01:10:33]} {[%emt
00:00:02]} 29. Ne5 {[%clk 00:54:20]} {[%emt 00:03:19]} Nd6 {[%clk 01:09:44]}
{[%emt 00:01:26]} 30. Rxb7 {[%clk 00:54:38]} {[%emt 00:00:12]} Nxb7 {[%clk
01:10:12]} {[%emt 00:00:02]} 31. f4 {[%clk 00:54:42]} {[%emt 00:00:27]} Nd6
{[%clk 01:10:18]} {[%emt 00:00:24]} 32. Kf2 {[%clk 00:53:56]} {[%emt 00:01:17]}
Kf8 {[%clk 01:10:41]} {[%emt 00:00:06]} 33. g4 {[%clk 00:53:48]} {[%emt
00:00:38]} f6 {[%clk 01:10:05]} {[%emt 00:01:05]} 34. Nd3 {[%clk 00:52:56]}
{[%emt 00:01:22]} Ke7 {[%clk 01:09:32]} {[%emt 00:01:04]} 35. Ke2 {[%clk
00:49:41]} {[%emt 00:03:45]} Nf7 {[%clk 01:09:29]} {[%emt 00:00:33]} 36. Kf3
{[%clk 00:49:50]} {[%emt 00:00:20]} Kd6 {[%clk 01:09:43]} {[%emt 00:00:16]} 37.
g3 {[%clk 00:34:39]} {[%emt 00:15:42]} e5 {[%clk 01:09:16]} {[%emt 00:00:56]}
38. Ke3 {[%clk 00:31:59]} {[%emt 00:03:11]} e4 {[%clk 01:08:22]} {[%emt
00:01:23]} 39. Nf2 {[%clk 00:30:50]} {[%emt 00:01:40]} Kc6 {[%clk 01:08:18]}
{[%emt 00:00:34]} 40. f5 {[%clk 00:30:16]} {[%emt 00:01:04]} g5 {[%clk
01:07:47]} {[%emt 00:01:00]} 41. Kd2 {[%clk 00:26:26]} {[%emt 00:04:21]} Kb5
{[%clk 01:07:33]} {[%emt 00:00:44]} 42. Ke2 {[%clk 00:25:12]} {[%emt 00:01:45]}
Kc4 {[%clk 01:07:08]} {[%emt 00:00:53]} 43. Ke3 {[%clk 00:24:52]} {[%emt
00:00:51]} Kc3 {[%clk 01:06:51]} {[%emt 00:00:47]} 44. Nd1+ {[%clk 00:25:07]}
{[%emt 00:00:15]} Kc2 {[%clk 01:06:57]} {[%emt 00:00:24]} 45. Ke2 {[%clk
00:24:15]} {[%emt 00:01:23]} h6 {[%clk 01:01:28]} {[%emt 00:05:58]} 46. Ne3+
{[%clk 00:24:29]} {[%emt 00:00:15]} Kc3 {[%clk 01:01:56]} {[%emt 00:00:02]} 47.
Nxd5+ {[%clk 00:24:32]} {[%emt 00:00:28]} Kxd4 {[%clk 01:02:23]} {[%emt
00:00:03]} 48. Nxf6 {[%clk 00:24:38]} {[%emt 00:00:24]} Ne5 {[%clk 01:00:27]}
{[%emt 00:02:26]} 49. Ng8 {[%clk 00:17:23]} {[%emt 00:07:45]} Nf7 {[%clk
00:55:57]} {[%emt 00:04:59]} 50. Nf6 {[%clk 00:16:10]} {[%emt 00:01:32]} Ke5
{[%clk 00:49:00]} {[%emt 00:07:39]} 51. Ng8 {[%clk 00:11:54]} {[%emt 00:04:46]}
h5 {[%clk 00:47:58]} {[%emt 00:01:32]} 52. gxh5 {[%clk 00:12:06]} {[%emt
00:00:18]} Kxf5 {[%clk 00:46:55]} {[%emt 00:01:32]} 53. h6 {[%clk 00:12:24]}
{[%emt 00:00:13]} Kg6 {[%clk 00:35:20]} {[%emt 00:12:05]} 54. h7 {[%clk
00:12:08]} {[%emt 00:00:46]} Kg7 {[%clk 00:34:57]} {[%emt 00:00:53]} 55. Ke3
{[%clk 00:12:09]} {[%emt 00:00:29]} Kxh7 {[%clk 00:31:37]} {[%emt 00:03:50]}
56. Nf6+ {[%clk 00:12:22]} {[%emt 00:00:16]} Kg6 {[%clk 00:31:57]} {[%emt
00:00:10]} 57. Nxe4 {[%clk 00:12:50]} {[%emt 00:00:03]} g4 {[%clk 00:31:58]}
{[%emt 00:00:29]} 58. Nf2 {[%clk 00:12:02]} {[%emt 00:01:18]} Kf5 {[%clk
00:32:19]} {[%emt 00:00:09]} 59. Nxg4 {[%clk 00:12:17]} {[%emt 00:00:12]}
1/2-1/2

[Event "DVM U20 2021"]
[Site "Kiel GER"]
[Date "2022.07.25"]
[Round "5"]
[White "Goldbeck, Lars"]
[Black "Arndt, Magnus"]
[Result "1/2-1/2"]
[Termination "normal"]
[Board "5.1"]
[WhiteTitle "FM"]
[BlackTitle "FM"]
[WhiteElo "2228"]
[BlackElo "2359"]
[WhiteClock "00:16:33"]
[BlackClock "00:07:29"]
[WhiteTeam "SC Bavaria Regensburg von 1881 e.V."]
[BlackTeam "SK Doppelbauer Kiel"]
[PlyCount "151"]
[WhiteFideId "16208188"]
[BlackFideId "12998656"]
[EventCountry "GER"]
[EventRounds "7"]
[EventType "team-swiss"]
[EventDate "2022.07.22"]

1. Nf3 {[%clk 01:30:56]} {[%emt 00:00:03]} Nf6 {[%clk 01:30:53]} {[%emt
00:00:07]} 2. c4 {[%clk 01:31:24]} {[%emt 00:00:02]} e6 {[%clk 01:31:14]}
{[%emt 00:00:09]} 3. e3 {[%clk 01:31:53]} {[%emt 00:00:01]} d5 {[%clk
01:31:30]} {[%emt 00:00:14]} 4. d4 {[%clk 01:32:16]} {[%emt 00:00:07]} Nbd7
{[%clk 01:30:58]} {[%emt 00:01:01]} 5. Bd3 {[%clk 01:32:20]} {[%emt 00:00:26]}
b6 {[%clk 01:30:06]} {[%emt 00:01:23]} 6. O-O {[%clk 01:32:10]} {[%emt
00:00:39]} Bb7 {[%clk 01:28:27]} {[%emt 00:02:10]} 7. b3 {[%clk 01:32:17]}
{[%emt 00:00:23]} Bd6 {[%clk 01:21:24]} {[%emt 00:07:32]} 8. cxd5 {[%clk
01:29:47]} {[%emt 00:03:00]} exd5 {[%clk 01:21:11]} {[%emt 00:00:43]} 9. Ba3
{[%clk 01:30:13]} {[%emt 00:00:04]} c5 {[%clk 01:19:29]} {[%emt 00:02:12]} 10.
Nc3 {[%clk 01:27:11]} {[%emt 00:03:31]} O-O {[%clk 01:16:05]} {[%emt 00:03:54]}
11. Rc1 {[%clk 01:21:45]} {[%emt 00:05:56]} Re8 {[%clk 01:04:33]} {[%emt
00:12:01]} 12. Ne2 {[%clk 01:20:40]} {[%emt 00:01:36]} Rc8 {[%clk 00:44:15]}
{[%emt 00:20:49]} 13. Ng3 {[%clk 01:13:36]} {[%emt 00:07:33]} Bf8 {[%clk
00:42:42]} {[%emt 00:02:03]} 14. Bb2 {[%clk 01:09:23]} {[%emt 00:04:44]} Ne4
{[%clk 00:34:51]} {[%emt 00:08:20]} 15. Qe2 {[%clk 01:04:21]} {[%emt 00:05:32]}
Nd6 {[%clk 00:27:38]} {[%emt 00:07:43]} 16. Ne5 {[%clk 00:52:10]} {[%emt
00:12:41]} Nxe5 {[%clk 00:20:44]} {[%emt 00:07:24]} 17. dxe5 {[%clk 00:52:34]}
{[%emt 00:00:06]} Ne4 {[%clk 00:20:59]} {[%emt 00:00:15]} 18. Bxe4 {[%clk
00:39:28]} {[%emt 00:13:37]} dxe4 {[%clk 00:21:27]} {[%emt 00:00:02]} 19. Qg4
{[%clk 00:39:47]} {[%emt 00:00:10]} Qd2 {[%clk 00:13:05]} {[%emt 00:08:52]} 20.
Rb1 {[%clk 00:33:49]} {[%emt 00:06:28]} Rcd8 {[%clk 00:08:53]} {[%emt
00:04:42]} 21. Nxe4 {[%clk 00:32:47]} {[%emt 00:01:32]} Bxe4 {[%clk 00:09:15]}
{[%emt 00:00:08]} 22. Qxe4 {[%clk 00:33:16]} {[%emt 00:00:01]} Rd7 {[%clk
00:08:33]} {[%emt 00:01:12]} 23. a4 {[%clk 00:32:03]} {[%emt 00:01:43]} Qd3
{[%clk 00:07:49]} {[%emt 00:01:15]} 24. Qg4 {[%clk 00:31:28]} {[%emt 00:01:05]}
Red8 {[%clk 00:08:07]} {[%emt 00:00:12]} 25. e6 {[%clk 00:30:28]} {[%emt
00:01:29]} fxe6 {[%clk 00:08:36]} {[%emt 00:00:02]} 26. Qxe6+ {[%clk 00:30:49]}
{[%emt 00:00:08]} Kh8 {[%clk 00:09:04]} {[%emt 00:00:02]} 27. Qc4 {[%clk
00:29:48]} {[%emt 00:01:31]} Qxc4 {[%clk 00:05:56]} {[%emt 00:03:38]} 28. bxc4
{[%clk 00:30:15]} {[%emt 00:00:03]} Rd2 {[%clk 00:06:20]} {[%emt 00:00:06]} 29.
Bc3 {[%clk 00:30:05]} {[%emt 00:00:41]} R2d3 {[%clk 00:04:05]} {[%emt
00:02:45]} 30. Rfc1 {[%clk 00:29:03]} {[%emt 00:01:31]} Be7 {[%clk 00:03:59]}
{[%emt 00:00:36]} 31. a5 {[%clk 00:25:56]} {[%emt 00:03:37]} Bf6 {[%clk
00:03:57]} {[%emt 00:00:32]} 32. Bxf6 {[%clk 00:21:35]} {[%emt 00:04:51]} gxf6
{[%clk 00:04:26]} {[%emt 00:00:01]} 33. axb6 {[%clk 00:21:58]} {[%emt
00:00:07]} axb6 {[%clk 00:04:51]} {[%emt 00:00:05]} 34. Kf1 {[%clk 00:22:16]}
{[%emt 00:00:12]} R8d6 {[%clk 00:05:02]} {[%emt 00:00:20]} 35. Ke1 {[%clk
00:22:11]} {[%emt 00:00:35]} Ra3 {[%clk 00:05:02]} {[%emt 00:00:29]} 36. Rd1
{[%clk 00:21:30]} {[%emt 00:01:11]} Rxd1+ {[%clk 00:05:10]} {[%emt 00:00:22]}
37. Kxd1 {[%clk 00:21:33]} {[%emt 00:00:27]} Ra2 {[%clk 00:05:31]} {[%emt
00:00:09]} 38. Ke1 {[%clk 00:21:54]} {[%emt 00:00:08]} Rc2 {[%clk 00:05:48]}
{[%emt 00:00:13]} 39. Rxb6 {[%clk 00:22:13]} {[%emt 00:00:11]} Kg7 {[%clk
00:06:08]} {[%emt 00:00:10]} 40. Rc6 {[%clk 00:19:47]} {[%emt 00:02:56]} Rxc4
{[%clk 00:06:29]} {[%emt 00:00:09]} 41. Kd2 {[%clk 00:19:43]} {[%emt 00:00:34]}
h5 {[%clk 00:04:49]} {[%emt 00:02:10]} 42. g3 {[%clk 00:17:16]} {[%emt
00:02:57]} h4 {[%clk 00:03:07]} {[%emt 00:02:12]} 43. Kd3 {[%clk 00:15:25]}
{[%emt 00:02:21]} hxg3 {[%clk 00:01:49]} {[%emt 00:01:49]} 44. hxg3 {[%clk
00:15:52]} {[%emt 00:00:03]} Rc1 {[%clk 00:01:57]} {[%emt 00:00:21]} 45. g4
{[%clk 00:13:07]} {[%emt 00:03:15]} Kf7 {[%clk 00:28:20]} {[%emt 00:04:07]} 46.
Ke4 {[%clk 00:34:09]} {[%emt 00:09:28]} Ke7 {[%clk 00:24:36]} {[%emt 00:04:14]}
47. f4 {[%clk 00:29:01]} {[%emt 00:05:38]} c4 {[%clk 00:24:14]} {[%emt
00:00:52]} 48. f5 {[%clk 00:20:07]} {[%emt 00:09:25]} Rg1 {[%clk 00:06:21]}
{[%emt 00:18:22]} 49. Kd5 {[%clk 00:19:51]} {[%emt 00:00:46]} Rxg4 {[%clk
00:05:10]} {[%emt 00:01:42]} 50. Rc7+ {[%clk 00:20:00]} {[%emt 00:00:20]} Kd8
{[%clk 00:01:46]} {[%emt 00:03:54]} 51. Rxc4 {[%clk 00:20:12]} {[%emt
00:00:19]} Rg3 {[%clk 00:01:56]} {[%emt 00:00:20]} 52. Ke6 {[%clk 00:19:30]}
{[%emt 00:01:12]} Rxe3+ {[%clk 00:02:04]} {[%emt 00:00:23]} 53. Kxf6 {[%clk
00:19:58]} {[%emt 00:00:01]} Ke8 {[%clk 00:02:04]} {[%emt 00:00:30]} 54. Rc8+
{[%clk 00:20:23]} {[%emt 00:00:05]} Kd7 {[%clk 00:02:27]} {[%emt 00:00:06]} 55.
Ra8 {[%clk 00:20:48]} {[%emt 00:00:05]} Rf3 {[%clk 00:02:41]} {[%emt 00:00:17]}
56. Kg6 {[%clk 00:20:35]} {[%emt 00:00:42]} Ke7 {[%clk 00:02:57]} {[%emt
00:00:14]} 57. Ra7+ {[%clk 00:19:52]} {[%emt 00:01:13]} Kf8 {[%clk 00:03:26]}
58. Kf6 {[%clk 00:18:36]} {[%emt 00:01:47]} Kg8 {[%clk 00:03:55]} 59. Rg7+
{[%clk 00:17:31]} {[%emt 00:01:35]} Kf8 {[%clk 00:04:07]} {[%emt 00:00:19]} 60.
Rg1 {[%clk 00:16:18]} {[%emt 00:01:42]} Ra3 {[%clk 00:04:13]} {[%emt 00:00:24]}
61. Re1 {[%clk 00:15:15]} {[%emt 00:01:33]} Rh3 {[%clk 00:03:42]} {[%emt
00:01:01]} 62. Ke6 {[%clk 00:14:09]} {[%emt 00:01:37]} Rh6+ {[%clk 00:03:52]}
{[%emt 00:00:20]} 63. Ke5 {[%clk 00:14:04]} {[%emt 00:00:35]} Ra6 {[%clk
00:04:10]} {[%emt 00:00:11]} 64. Rc1 {[%clk 00:13:33]} {[%emt 00:01:01]} Kf7
{[%clk 00:04:25]} {[%emt 00:00:16]} 65. Rc7+ {[%clk 00:13:58]} {[%emt
00:00:05]} Kf8 {[%clk 00:04:50]} {[%emt 00:00:05]} 66. Kf4 {[%clk 00:14:22]}
{[%emt 00:00:06]} Rb6 {[%clk 00:05:03]} {[%emt 00:00:16]} 67. Kg5 {[%clk
00:14:51]} {[%emt 00:00:01]} Ra6 {[%clk 00:05:21]} {[%emt 00:00:12]} 68. Rh7
{[%clk 00:15:05]} {[%emt 00:00:16]} Rb6 {[%clk 00:05:11]} {[%emt 00:00:40]} 69.
Rh6 {[%clk 00:13:50]} {[%emt 00:01:45]} Rxh6 {[%clk 00:04:57]} {[%emt
00:00:44]} 70. Kxh6 {[%clk 00:14:19]} {[%emt 00:00:02]} Kf7 {[%clk 00:05:18]}
{[%emt 00:00:08]} 71. Kg5 {[%clk 00:14:48]} Kg7 {[%clk 00:05:43]} {[%emt
00:00:05]} 72. f6+ {[%clk 00:15:13]} {[%emt 00:00:04]} Kf7 {[%clk 00:06:10]}
{[%emt 00:00:03]} 73. Kf5 {[%clk 00:15:39]} {[%emt 00:00:05]} Kf8 {[%clk
00:06:36]} {[%emt 00:00:04]} 74. Kg6 {[%clk 00:16:06]} {[%emt 00:00:03]} Kg8
{[%clk 00:07:03]} {[%emt 00:00:03]} 75. f7+ {[%clk 00:16:33]} {[%emt 00:00:03]}
Kf8 {[%clk 00:07:29]} {[%emt 00:00:04]} 76. Kf6 {[%emt 00:00:03]} 1/2-1/2